| 000 | 00462nam a2200181 a 4500 | ||
|---|---|---|---|
| 005 | 20210219151851.0 | ||
| 008 | 991125s1990 es 000 0 eng u | ||
| 020 | _a8425214440 | ||
| 035 | _aUPN01000042600 | ||
| 049 | _aCG | ||
| 050 | 4 |
_aQA76.9 A25 _bR3.6 |
|
| 100 | 1 | _aRamonet, Jaume | |
| 245 | 1 | 0 |
_aOpen access / _cJaume Ramonet. |
| 260 |
_aBarcelona [Esp.] : _bG. Gili, _c1990. |
||
| 300 | _a197 p. | ||
| 440 | 0 | _aInformática de gestión | |
| 905 | _aLibro | ||
| 999 |
_c42600 _d42600 |
||